000 00916pam a2200313 i 4500
999 _c776
_d776
001 017692084
003 Uk
005 20191209124851.0
008 151112s2016 enk 000|1|eng|d
015 _aGBB600512
_2bnb
016 7 _a017692084
_2Uk
020 _a9780008164874 (pbk.) :
040 _aStDuBDS
_beng
_cStDuBDS
_dUk
_erda
042 _aukblcatcopy
082 _aFIC CHR
100 1 _aChristie, Agatha,
_d1890-1976,
_eauthor.
245 1 0 _aMurder in Mesopotamia /
_cAgatha Christie.
264 1 _aLondon :
_bHarper,
_c2016.
300 _a280 pages ;
_c20 cm.
336 _atext
_2rdacontent
337 _aunmediated
_2rdamedia
338 _avolume
_2rdacarrier
490 0 _aPoirot
500 _aFormerly CIP.
_5Uk
600 1 0 _aPoirot, Hercule
_c(Fictitious character)
_vFiction.
650 0 _aPrivate investigators
_zBelgium
_vFiction.
655 0 _aDetective and mystery stories.
942 _2ddc
_cFIC